000 01269nam a2200337 a 4500
001 ebr10298221
003 CaPaEBR
006 m u
007 cr cn|||||||||
008 041203s2004 bcca s 000 0aeng
010 _z 2005362446
020 _z1551521636
040 _aCaPaEBR
_cCaPaEBR
035 _a(OCoLC)560586510
043 _an-cn---
050 1 4 _aCT310.C33
_bA3 2004eb
082 0 4 _a306.8740971
_aB
_222
100 1 _aCamilleri, Anna.
245 1 0 _aI am a red dress
_h[electronic resource] :
_bincantations on a grandmother, a mother, and a daughter /
_cAnna Camilleri.
260 _aVancouver, B.C. :
_bArsenal Pulp Press,
_cc2004.
300 _a181 p. :
_bill.
533 _aElectronic reproduction.
_bPalo Alto, Calif. :
_cebrary,
_d2013.
_nAvailable via World Wide Web.
_nAccess may be limited to ebrary affiliated libraries.
600 1 0 _aCamilleri, Anna
_xFamily.
650 0 _aWomen
_zCanada
_vBiography.
650 0 _aWomen
_xFamily relationships.
650 0 _aIntergenerational relations.
651 0 _aCanada
_vBiography.
655 7 _aElectronic books.
_2local
710 2 _aebrary, Inc.
856 4 0 _uhttp://site.ebrary.com/lib/rucke/Doc?id=10298221
_zAn electronic book accessible through the World Wide Web; click to view
999 _c64354
_d64354